|
|
|
|
| LEADER |
02015nam a2200373 u 4500 |
| 001 |
10022656 |
| 003 |
upatras |
| 005 |
20210117205703.0 |
| 008 |
990123s1997 us eng |
| 020 |
|
|
|a 007114109X
|
| 040 |
|
|
|a GR-PaULI
|c GR-PaULI
|
| 041 |
0 |
|
|a eng
|
| 082 |
0 |
4 |
|a 621.402 1
|
| 100 |
1 |
|
|a Cengel, Yunus A.
|9 147954
|
| 245 |
1 |
0 |
|a Introduction to thermodynamics and heat transfer
|c Yunus A. πCengel
|
| 250 |
|
|
|a International edition
|
| 260 |
|
|
|a New York
|b McGraw-Hill
|c 1997
|
| 300 |
|
|
|a xxvii, 922 p.
|b fig.
|c 24 cm.
|
| 490 |
1 |
|
|a McGraw-Hill series in mechanical engineering
|
| 504 |
|
|
|a Includes bibliographical references and index
|
| 650 |
|
4 |
|a Μηχανική
|x Μεταφορά θερμότητας
|9 42837
|
| 650 |
|
4 |
|9 4173
|a Θερμοδυναμική
|
| 760 |
0 |
|
|a McGraw-Hill series in mechanical engineering
|
| 852 |
|
|
|a GR-PaULI
|b ΠΑΤΡΑ
|b ΒΚΠ
|b ΒΣ1
|k ΑΣΧΞ
|h 621.402 1 C
|m 044488
|p 025000057181
|t 1
|
| 852 |
|
|
|a GR-PaULI
|b ΠΑΤΡΑ
|b ΒΚΠ
|b ΒΣ1
|k ΑΣΧΞ
|h 621.402 1 C
|m 044487
|p 025000057182
|t 2
|
| 852 |
|
|
|a GR-PaULI
|b ΠΑΤΡΑ
|b ΒΚΠ
|b ΒΣ1
|k ΑΣΧΞ
|h 621.402 1 C
|m 044530
|p 025000057184
|t 3
|
| 852 |
|
|
|a GR-PaULI
|b ΠΑΤΡΑ
|b ΒΚΠ
|b ΒΣ1
|k ΑΣΧΞ
|h 621.402 1 C
|m 044486
|p 025000057183
|t 4
|
| 942 |
|
|
|2 ddc
|c BK15
|
| 952 |
|
|
|0 0
|1 0
|4 0
|6 621_402000000000000_1_C
|7 0
|9 187495
|a LISP
|b LISP
|c BSC
|d 2016-04-24
|i 044488
|l 0
|o 621.402 1 C
|p 025000057181
|r 2016-04-24 00:00:00
|t 1
|w 2016-04-24
|y BK15
|
| 952 |
|
|
|0 0
|1 0
|4 0
|6 621_402000000000000_1_C
|7 0
|9 187496
|a LISP
|b LISP
|c BSC
|d 2016-04-24
|i 044487
|l 0
|o 621.402 1 C
|p 025000057182
|r 2016-04-24 00:00:00
|t 2
|w 2016-04-24
|y BK15
|
| 952 |
|
|
|0 0
|1 0
|4 0
|6 621_402000000000000_1_C
|7 0
|9 187497
|a LISP
|b LISP
|c BSC
|d 2016-04-24
|i 044530
|l 3
|m 2
|o 621.402 1 C
|p 025000057184
|r 2018-02-07 00:00:00
|s 2018-01-26
|t 3
|w 2016-04-24
|y BK15
|
| 952 |
|
|
|0 0
|1 0
|4 0
|6 621_402000000000000_1_C
|7 0
|9 187498
|a LISP
|b LISP
|c BSC
|d 2016-04-24
|i 044486
|l 0
|o 621.402 1 C
|p 025000057183
|r 2016-04-24 00:00:00
|t 4
|w 2016-04-24
|y BK15
|
| 998 |
|
|
|c ΔΡΑΚΟΠΟΥΛΟΥ
|d 1999-06
|
| 999 |
|
|
|c 115631
|d 115631
|